000 01151cam a2200241 4500
001 J125495
008 040319n2004 000 0 eng u
035 _a(Sirsi) u125495
041 _aeng
050 _a657.73
_c18
110 _aRoyal Institution of Chartered Surveyors
_bValuation Faculty
_94354
245 _aIAS 40 - investment property
_bvaluer's guide to the revised standard published December 2003
260 _a[S.I.]
_bRICS
_c2004
520 _aProvides a summary of IAS 40 "Investment property" and its implications for valuers. IAS 40 concerns the treatment of freehold and investment property in company accounts. This guide outlines the scope of IAS 40, exclusions, and notes on measurement. View at www.rics.org/val.
520 _aLast updated 15 April 2004.
650 _aIAS40
650 _aINTERNATIONAL ACCOUNTING STANDARDS
650 _aINVESTMENT PROPERTY
690 _aPROPERTY-PROPERTY APPRAISAL AND VALUATION
710 _aRoyal Institution of Chartered Surveyors
_94900
856 _uhttps://www.rics.org/RICSWEB/getpage.aspx?p=t51zBIAuqEC74c54mzh0hg
_zView the valuer's guide on the RICS website...
942 _n0
999 _c103414
_d103414